MARC

LEADER 00000nam0a2200000 4500
001 283346
005 20231101235604.0
035 |a (RuTPU)RU\TPU\book\307409 
090 |a 283346 
100 |a 20150206d1978 k y0rusy50 ca 
101 0 |a rus 
102 |a BY 
105 |a a z 001zy 
200 1 |a Геохимия неогенового литогенеза  |e монография  |f Академия наук Белорусской ССР, Институт геохимии и геофизики 
210 |a Минск  |c Наука и техника  |d 1978 
215 |a 254 с.  |c ил. 
320 |a Библиогр.: с. 242-252 
606 1 |a Неогеновые отложения  |2 stltpush  |3 (RuTPU)RU\TPU\subj\45409  |9 64651 
610 1 |a верхний олигоцен-неоген 
610 1 |a осадконакопление 
610 1 |a стратиграфия 
610 1 |a палеогеографические условия 
610 1 |a фациальные комплексы 
610 1 |a геохимическая характеристика 
610 1 |a плиоцен-плейстоценовая граница 
610 1 |a выделение 
610 1 |a геохимические индикаторы 
610 1 |a глинистый литогенез 
610 1 |a Белоруссия 
610 1 |a Полесье 
610 1 |a кайнозойские отложения 
610 1 |a органическое вещество 
610 1 |a карбонатный литогенез 
610 1 |a монографии 
675 |a 551.782  |v 4 
712 0 2 |a Академия наук Белорусской ССР  |b Институт геохимии и геофизики  |2 stltpush  |3 (RuTPU)RU\TPU\col\11735  |9 25243 
801 1 |a RU  |b 63413507  |c 20150206 
801 2 |a RU  |b 63413507  |c 20221208  |g RCR 
942 |c BK